[Event "FIDE Grand Swiss"]
[Site "Riga"]
[Date "2021.10.29"]
[Round "3"]
[White "Erigaisi, Arjun Kumar"]
[Black "Mamedov, Rauf"]
[Result "1/2-1/2"]
[WhiteElo "2634"]
[BlackElo "2673"]
[PlyCount "60"]
[EventDate "2021.10.27"]
[EventType "swiss"]
[EventRounds "11"]
[EventCountry "LAT"]
[SourceTitle "CBM 205"]
[Source "ChessBase"]
[SourceDate "2021.11.30"]
[SourceVersion "1"]
[SourceVersionDate "2021.11.30"]
[SourceQuality "1"]

1. d4 d5 2. c4 e6 3. Nc3 c5 4. cxd5 exd5 5. Nf3 Nc6 6. dxc5 d4 7. Na4 Bxc5 8. Nxc5 Qa5+ 9. Bd2 Qxc5 10. Rc1 Qb6 11. e3 dxe3 12. Bxe3 Qb4+ 13. Bd2 Qe7+ 14. Be2 Nf6 15. O-O O-O 16. Re1 Qd6 ({RR} 16... Bf5 17. Bb5 Qd8 18. Qa4 Bd7 19. Qh4 a6 20. Bd3 h6 21. Bxh6 Bg4 22. Bxg7 Kxg7 23. Qg5+ Kh8 24. Qh6+ Kg8 25. Re3 Re8 26. Ng5 Qd5 27. Bh7+ {1-0 (27) Wojtaszek,R (2694)-Gajewski,G (2596) Bydgoszcz 2021}) ({RR} 16... Bf5 17. Bb5 Qd8 18. Qa4 Bd7 19. Qh4 a6 20. Bd3 h6 21. Bxh6 Bg4 22. Bxg7 Kxg7 23. Qg5+ Kh8 24. Qh6+ Kg8 25. Re3 Re8 26. Ng5 Qd5 27. Bh7+ {1-0 (27) Wojtaszek,R (2694)-Gajewski,G (2596) Bydgoszcz 2021}) 17. Bb5 $146 ({RR} 17. Be3 Qxd1 18. Rexd1 Be6 19. Nd4 Nxd4 20. Rxd4 Rfc8 21. Bf3 Rxc1+ 22. Bxc1 Rc8 23. Bd2 b6 24. Bb7 Re8 25. a3 h6 26. Ba6 Nd7 27. Bc3 Nc5 28. Bb5 Rc8 29. f3 a6 30. Be2 b5 31. Rd6 Na4 {Rakhmanov,A (2620)-Zhalmakhanov,R (2413) Astana KAZ 2023 ½-½ (36)}) ({RR} 17. Qb3 a5 18. Be3 Ne4 19. Bd3 Be6 20. Qd1 f5 21. Ng5 Nxg5 22. Bxg5 Kh8 23. Be3 Rfd8 24. Bb6 Qxd3 25. Qxd3 Rxd3 26. Rxe6 Rd2 27. Rce1 Kg8 28. R6e2 Rxe2 29. Rxe2 Kf7 30. Kf1 Kf6 31. a4 Ra6 {Dubkov,A (2307)-Hu,J (2091) Vecindario ESP 2025 ½-½ (53)}) ({RR} 17. Be3 Qxd1 18. Rexd1 Be6 19. Nd4 Nxd4 20. Rxd4 Rfc8 21. Bf3 Rxc1+ 22. Bxc1 Rc8 23. Bd2 b6 24. Bb7 Re8 25. a3 h6 26. Ba6 Nd7 27. Bc3 Nc5 28. Bb5 Rc8 29. f3 a6 30. Be2 b5 31. Rd6 Na4 {Rakhmanov,A (2620)-Zhalmakhanov,R (2413) Astana KAZ 2023 ½-½ (36)}) ({RR} 17. Qb3 a5 18. Be3 Ne4 19. Bd3 Be6 20. Qd1 f5 21. Ng5 Nxg5 22. Bxg5 Kh8 23. Be3 Rfd8 24. Bb6 Qxd3 25. Qxd3 Rxd3 26. Rxe6 Rd2 27. Rce1 Kg8 28. R6e2 Rxe2 29. Rxe2 Kf7 30. Kf1 Kf6 31. a4 Ra6 {Dubkov,A (2307)-Hu,J (2091) Vecindario ESP 2025 ½-½ (53)}) 17... Bg4 18. Bc3 Qxd1 19. Rexd1 Ne4 20. Bxc6 bxc6 21. Bd4 Rfd8 22. Be3 Rxd1+ 23. Rxd1 c5 24. Rc1 Be6 25. b3 a5 26. Bxc5 Nxc5 27. Rxc5 a4 28. bxa4 Rxa4 29. Rc2 Rxa2 30. Rxa2 Bxa2 1/2-1/2

[Event "FIDE Grand Swiss"]
[Site "Riga"]
[Date "2021.10.31"]
[Round "5"]
[White "Yilmaz, Mustafa"]
[Black "Van Foreest, Jorden"]
[Result "1-0"]
[WhiteElo "2626"]
[BlackElo "2691"]
[PlyCount "171"]
[EventDate "2021.10.27"]
[EventType "swiss"]
[EventRounds "11"]
[EventCountry "LAT"]
[SourceTitle "CBM 205"]
[Source "ChessBase"]
[SourceDate "2021.11.30"]
[SourceVersion "1"]
[SourceVersionDate "2021.11.30"]
[SourceQuality "1"]

1. d4 d5 2. c4 e6 3. Nc3 a6 4. cxd5 exd5 5. Bf4 Nf6 6. e3 c5 7. Nf3 Nc6 8. Be2 c4 9. Ne5 ({RR} 9. O-O Bb4 10. Bg5 Be6 11. Ne5 Qa5 12. Bxf6 gxf6 13. Nxc6 bxc6 14. Na4 O-O 15. b3 Rab8 16. Qc2 Rfc8 17. bxc4 dxc4 18. a3 Bd6 19. Bxc4 Bf5 20. Qd1 Bg6 21. Nc5 Bxc5 22. dxc5 Rd8 23. Qf3 Qxc5 {Carlsen,M (2855)-Mamedyarov,S (2762) chess24.com INT 2021 1-0 (50)}) ({RR} 9. O-O Be7 10. a4 Na5 11. Nd2 Qb6 12. Bf3 Be6 13. Be5 Rd8 14. Rb1 Nc6 15. b3 Qa5 16. bxc4 Qxc3 17. Bc7 dxc4 18. Rxb7 Nd5 19. Be4 Rc8 20. Nb1 Qa1 21. Bxd5 Bxd5 22. Qg4 O-O 23. Qd7 Nb4 {Yurasova,D (2127)-Charochkina,D (2274) Sochi 2025 0-1}) ({RR} 9. O-O Bb4 10. Bg5 Be6 11. Ne5 Qa5 12. Bxf6 gxf6 13. Nxc6 bxc6 14. Na4 O-O 15. b3 Rab8 16. Qc2 Rfc8 17. bxc4 dxc4 18. a3 Bd6 19. Bxc4 Bf5 20. Qd1 Bg6 21. Nc5 Bxc5 22. dxc5 Rd8 23. Qf3 Qxc5 {Carlsen,M (2855)-Mamedyarov,S (2762) chess24.com INT 2021 1-0 (50)}) ({RR} 9. O-O Be7 10. a4 Na5 11. Nd2 Qb6 12. Bf3 Be6 13. Be5 Rd8 14. Rb1 Nc6 15. b3 Qa5 16. bxc4 Qxc3 17. Bc7 dxc4 18. Rxb7 Nd5 19. Be4 Rc8 20. Nb1 Qa1 21. Bxd5 Bxd5 22. Qg4 O-O 23. Qd7 Nb4 {Yurasova,D (2127)-Charochkina,D (2274) Sochi 2025 0-1}) 9... Bd6 10. Nxc6 $146 ({RR} 10. Bg3 O-O 11. f4 Bb4 12. Bh4 Qa5 13. Bxf6 gxf6 14. Nxc6 {½-½ (14) Kanli,A (2111)-Adu,O (2081) Dulles USA 2023}) ({RR} 10. Bg3 O-O 11. f4 Bb4 12. Bh4 Qa5 13. Bxf6 gxf6 14. Nxc6 {½-½ (14) Kanli,A (2111)-Adu,O (2081) Dulles USA 2023}) 10... bxc6 11. Bxd6 Qxd6 12. O-O Bf5 13. b3 cxb3 14. axb3 a5 15. Qc1 h5 16. Qa3 Ke7 17. Rfc1 Rhb8 18. Na4 Qxa3 19. Rxa3 Bd7 20. Rca1 Bg4 21. f3 Bf5 22. Bd1 g5 23. Kf2 g4 24. Nc3 gxf3 25. gxf3 Rg8 26. Ne2 h4 27. Nf4 Nh7 28. Rxa5 Rxa5 29. Rxa5 Ng5 30. Ra7+ Kd6 31. Be2 Rb8 32. Bd3 Bd7 33. Bc2 Re8 34. Bd3 Rb8 35. Bc2 Re8 36. Ng2 Nh3+ 37. Kf1 Ng5 38. Kf2 Nh3+ 39. Kf1 Ng5 40. Ke2 Ne6 41. Kf2 Nc7 42. Bd3 Rb8 43. Bc2 Rg8 44. Nf4 Nb5 45. Ra1 Rb8 46. Ng2 Nc7 47. Bd1 Nb5 48. Ra6 Nc7 49. Ra5 Rg8 50. Bc2 Nb5 51. Nxh4 Rh8 52. Kg3 Rg8+ 53. Kf2 Rh8 54. Kg3 Rg8+ 55. Kf4 Rh8 56. Nf5+ Bxf5 57. Bxf5 Rxh2 58. Ra8 Rb2 59. Rf8 Ke7 60. Rc8 Kd6 61. Rd8+ Ke7 62. Rd7+ Kf8 63. Bg4 Ke8 64. Rb7 Nd6 65. Rc7 Rxb3 66. Rxc6 Nc4 67. Rc8+ Ke7 68. Rc7+ Ke8 69. Rc8+ Ke7 70. Rc7+ Ke8 71. Bh5 Nxe3 72. Rxf7 Kd8 73. Ke5 Rb1 74. Bg4 Rb6 75. Be6 Nc4+ 76. Kxd5 Rd6+ 77. Kxc4 Rxe6 78. Kd5 Rh6 79. f4 Ke8 80. Ra7 Rh5+ 81. Ke6 Rh6+ 82. Ke5 Rh1 83. f5 Re1+ 84. Kf6 Rd1 85. Ra8+ Kd7 86. Kg7 1-0

[Event "EU-chT 23rd"]
[Site "Terme Catez"]
[Date "2021.11.13"]
[Round "2.2"]
[White "Indjic, Aleksandar"]
[Black "Mamedyarov, Shakhriyar"]
[Result "0-1"]
[WhiteElo "2612"]
[BlackElo "2765"]
[PlyCount "80"]
[EventDate "2021.11.12"]
[EventType "team-swiss"]
[EventRounds "9"]
[EventCountry "SLO"]
[SourceTitle "CBM 205"]
[Source "ChessBase"]
[SourceDate "2021.11.30"]
[SourceVersion "1"]
[SourceVersionDate "2021.11.30"]
[SourceQuality "1"]
[WhiteTeam "Serbia"]
[BlackTeam "Azerbaijan"]
[WhiteTeamCountry "SRB"]
[BlackTeamCountry "AZE"]

1. d4 d5 2. Nf3 c5 3. c4 e6 4. cxd5 exd5 5. Bg5 f6 6. Bf4 Nc6 7. Nc3 g5 8. Bg3 g4 9. Nd2 cxd4 10. Nb5 Kf7 11. e4 dxe3 12. fxe3 Nh6 $146 ({RR} 12... Ne5 13. Be2 a6 14. O-O Kg7 15. Nd4 Bd6 16. Rc1 Ne7 17. Bxe5 fxe5 18. Rxc8 Qxc8 19. Bxg4 Qe8 20. Bh5 Qd7 21. Nf5+ Qxf5 22. Rxf5 Nxf5 23. Qg4+ Kf6 24. e4 Bc5+ 25. Kh1 Ne3 26. Qf3+ Ke7 27. Qf7+ {Jacob,V (2280)-Lindoerfer,K (2217) Imperia 2006 1-0 (33)}) ({RR} 12... Ne5 13. Be2 a6 14. O-O Kg7 15. Nd4 Bd6 16. Rc1 Ne7 17. Bxe5 fxe5 18. Rxc8 Qxc8 19. Bxg4 Qe8 20. Bh5 Qd7 21. Nf5+ Qxf5 22. Rxf5 Nxf5 23. Qg4+ Kf6 24. e4 Bc5+ 25. Kh1 Ne3 26. Qf3+ Ke7 27. Qf7+ {Jacob,V (2280)-Lindoerfer,K (2217) Imperia 2006 1-0 (33)}) 13. e4 dxe4 14. Qb3+ Kg7 15. O-O-O Nd4 16. Qa4 Nxb5 17. Nxe4 Qe7 18. Bxb5 Bf5 19. Rd7 Bxd7 20. Bxd7 Rd8 21. Rd1 Qb4 22. Qc2 Be7 23. a3 Qa5 24. Kb1 Qh5 25. Bc7 Qg6 26. Ka1 Nf7 27. Qe2 Ne5 28. Bxd8 Rxd8 29. Ng3 Kf8 30. Bf5 Rxd1+ 31. Qxd1 Qh6 32. Be6 Qxh2 33. Nf5 Qf4 34. Qc2 Nc6 35. Qd1 Bxa3 36. Qb3 Qc1+ 37. Ka2 Bc5 38. Qxb7 Nb4+ 39. Kb3 Qc2+ 40. Ka3 Nd5+ 0-1

[Event "Prague Challengers 4th"]
[Site "Prague"]
[Date "2022.06.10"]
[Round "3"]
[White "Niemann, Hans Moke"]
[Black "Warmerdam, Max"]
[Result "1-0"]
[WhiteElo "2678"]
[BlackElo "2613"]
[PlyCount "95"]
[EventDate "2022.06.08"]
[EventType "tourn"]
[EventRounds "9"]
[EventCountry "CZE"]
[EventCategory "15"]
[SourceTitle "CBM 209"]
[Source "ChessBase"]
[SourceDate "2022.08.31"]
[SourceVersion "1"]
[SourceVersionDate "2022.08.31"]
[SourceQuality "1"]

1. d4 d5 2. c4 e6 3. Nc3 c5 4. cxd5 cxd4 5. Qa4+ Bd7 6. Qxd4 exd5 7. Qxd5 Nf6 8. Qd1 Bc5 9. Nf3 O-O 10. a3 ({RR} 10. e3 Qe7 11. Be2 Rd8 12. Qc2 Nc6 13. O-O Nb4 14. Qb1 Bc6 15. Qf5 Bd7 16. Qb1 Bc6 17. Qf5 Bd7 18. Qf4 Rac8 19. Rd1 Bg4 20. Rxd8+ Rxd8 21. h3 Bh5 22. a3 Nd3 23. Bxd3 Rxd3 24. Qb8+ Ne8 {Berserk 20250113-LCZero 0.31-dag-c93c6a8-BT4-6 (3652) tcec-chess.com INT 2025 ½-½ (112)}) ({RR} 10. e3 Qe7 11. Be2 Rd8 12. Qc2 Nc6 13. O-O Nb4 14. Qb1 Bc6 15. Qf5 Bd7 16. Qb1 Bc6 17. Qf5 Bd7 18. Qf4 Rac8 19. Rd1 Bg4 20. Rxd8+ Rxd8 21. h3 Bh5 22. a3 Nd3 23. Bxd3 Rxd3 24. Qb8+ Ne8 {Berserk 20250113-LCZero 0.31-dag-c93c6a8-BT4-6 (3652) tcec-chess.com INT 2025 ½-½ (112)}) 10... Nc6 ({RR} 10... Qe7 11. Bg5 Bc6 12. e3 Rd8 13. Qc2 Nbd7 14. Be2 h6 15. Bh4 Rac8 16. O-O g5 17. Bg3 Ne4 18. Nxe4 Bxe4 19. Qb3 Nb6 20. Rac1 Bd5 21. Qb5 a6 22. Qa5 Na8 23. Rfd1 Bb6 24. Qb4 Bc5 25. Qc3 {Venkatesh,N (2288)-Chinni,R (2120) Sunnyvale USA 2026 1-0 (37)}) ({RR} 10... Qe7 11. Bg5 Bc6 12. e3 Rd8 13. Qc2 Nbd7 14. Be2 h6 15. Bh4 Rac8 16. O-O g5 17. Bg3 Ne4 18. Nxe4 Bxe4 19. Qb3 Nb6 20. Rac1 Bd5 21. Qb5 a6 22. Qa5 Na8 23. Rfd1 Bb6 24. Qb4 Bc5 25. Qc3 {Venkatesh,N (2288)-Chinni,R (2120) Sunnyvale USA 2026 1-0 (37)}) 11. Bg5 $146 ({RR} 11. Bf4 Qb6 12. e3 Rfd8 13. Nd2 Be6 14. Qc2 Bd6 15. Bg5 Be5 16. Rd1 h6 17. Bxf6 Bxf6 18. Be2 Rac8 19. O-O Na5 20. Nde4 Be7 21. Rxd8+ Rxd8 22. Rd1 Rxd1+ 23. Nxd1 Qd8 24. Ndc3 a6 25. Qd2 Nb3 {Berkes,F (2673)-Tabatabaei,M (2613) Krasnaya Polyana 2021 ½-½ (56)}) ({RR} 11. Bf4 Qb6 12. e3 Rfd8 13. Nd2 Be6 14. Qc2 Bd6 15. Bg5 Be5 16. Rd1 h6 17. Bxf6 Bxf6 18. Be2 Rac8 19. O-O Na5 20. Nde4 Be7 21. Rxd8+ Rxd8 22. Rd1 Rxd1+ 23. Nxd1 Qd8 24. Ndc3 a6 25. Qd2 Nb3 {Berkes,F (2673)-Tabatabaei,M (2613) Krasnaya Polyana 2021 ½-½ (56)}) 11... h6 12. Bxf6 Qxf6 13. Qxd7 Rfd8 14. Qg4 Ne5 15. Qg3 Qb6 16. Rb1 Rac8 17. e3 Bxa3 18. Bb5 Bxb2 19. O-O Nxf3+ 20. Qxf3 Rxc3 21. Rxb2 a6 22. Qxf7+ Kxf7 23. Bc4+ Rxc4 24. Rxb6 Rd7 25. Rfb1 Rcc7 26. g4 Ke8 27. Kg2 Kd8 28. h4 Kc8 29. R1b3 Rc4 30. f4 a5 31. R6b5 a4 32. Ra3 Rd6 33. Kf3 Kc7 34. Ra5 Ra6 35. Rxa6 bxa6 36. Rd3 Kb6 37. e4 Rc1 38. e5 Ra1 39. Re3 a3 40. Ke4 a2 41. Re2 g6 42. e6 Kc7 43. Ke5 Kd8 44. f5 gxf5 45. gxf5 Ke7 46. f6+ Kf8 47. e7+ Kf7 48. Kd6 1-0

[Event "Prague Masters 4th"]
[Site "Prague"]
[Date "2022.06.17"]
[Round "9"]
[White "Shankland, Samuel L"]
[Black "Nguyen, Thai Dai Van"]
[Result "1/2-1/2"]
[WhiteElo "2718"]
[BlackElo "2610"]
[PlyCount "96"]
[EventDate "2022.06.08"]
[EventType "tourn"]
[EventRounds "9"]
[EventCountry "CZE"]
[EventCategory "18"]
[SourceTitle "CBM 209"]
[Source "ChessBase"]
[SourceDate "2022.08.31"]
[SourceVersion "1"]
[SourceVersionDate "2022.08.31"]
[SourceQuality "1"]

1. c4 Nf6 2. Nc3 c5 3. Nf3 e6 4. g3 d5 5. cxd5 exd5 6. d4 Nc6 7. Bg2 cxd4 8. Nxd4 Bc5 9. Nb3 Bb6 10. Na4 O-O 11. Nxb6 axb6 12. Nd4 Re8 13. b3 ({RR} 13. O-O Nxd4 14. Qxd4 Rxe2 15. Be3 Rc2 16. Rfc1 Rxc1+ 17. Rxc1 Bd7 18. Qxb6 Qxb6 19. Bxb6 Rxa2 20. Bd4 Bc6 21. b4 Ra4 22. Bxf6 gxf6 23. b5 Bxb5 24. Bxd5 Bc6 25. Bxc6 bxc6 26. Rxc6 Kg7 27. Kg2 Ra2 {Giri,A (2777)-Carlsen,M (2855) chess24.com INT 2021 ½-½ (31)}) ({RR} 13. O-O Nxd4 14. Qxd4 Rxe2 15. Be3 Rc2 16. Rfc1 Rxc1+ 17. Rxc1 Bd7 18. Qxb6 Qxb6 19. Bxb6 Rxa2 20. Bd4 Bc6 21. b4 Ra4 22. Bxf6 gxf6 23. b5 Bxb5 24. Bxd5 Bc6 25. Bxc6 bxc6 26. Rxc6 Kg7 27. Kg2 Ra2 {Giri,A (2777)-Carlsen,M (2855) chess24.com INT 2021 ½-½ (31)}) 13... b5 $146 ({RR} 13... h5 14. Bb2 h4 15. O-O h3 16. Bf3 Ne4 17. a4 Qg5 18. Nb5 Rd8 19. Bc1 Qf6 20. Bf4 Bf5 21. Bc7 Rd7 22. Bxb6 d4 23. Bxe4 Bxe4 24. f3 Ne5 25. a5 Bc6 26. Nxd4 Ra6 27. e3 Rxd4 28. Bxd4 {Svane,F (2639)-Costa,L (2472) Rosenheim GER 2023 ½-½ (98)}) ({RR} 13... Qe7 14. O-O Nxd4 15. Qxd4 Qxe2 16. Bg5 Ne4 17. Rfe1 Qb5 18. a4 Qc6 19. Be3 Bf5 20. Rac1 Qd7 21. Qxb6 Rac8 22. Bf1 Nc3 23. Qa5 Qc7 24. Qxc7 Rxc7 25. Bb6 Rxe1 26. Rxe1 Rc8 27. Re7 h5 28. Rxb7 {Huang,R (2515)-Dong,H (2365) Xinghua CHN 2026 1-0 (50)}) ({RR} 13... h5 14. Bb2 h4 15. O-O h3 16. Bf3 Ne4 17. a4 Qg5 18. Nb5 Rd8 19. Bc1 Qf6 20. Bf4 Bf5 21. Bc7 Rd7 22. Bxb6 d4 23. Bxe4 Bxe4 24. f3 Ne5 25. a5 Bc6 26. Nxd4 Ra6 27. e3 Rxd4 28. Bxd4 {Svane,F (2639)-Costa,L (2472) Rosenheim GER 2023 ½-½ (98)}) ({RR} 13... Qe7 14. O-O Nxd4 15. Qxd4 Qxe2 16. Bg5 Ne4 17. Rfe1 Qb5 18. a4 Qc6 19. Be3 Bf5 20. Rac1 Qd7 21. Qxb6 Rac8 22. Bf1 Nc3 23. Qa5 Qc7 24. Qxc7 Rxc7 25. Bb6 Rxe1 26. Rxe1 Rc8 27. Re7 h5 28. Rxb7 {Huang,R (2515)-Dong,H (2365) Xinghua CHN 2026 1-0 (50)}) 14. Bb2 Qa5+ 15. Qd2 Qxd2+ 16. Kxd2 Nxd4 17. Bxd4 Ne4+ 18. Kd1 b4 19. Bxe4 dxe4 20. Kd2 Re6 21. Ke3 Rea6 22. Rhd1 Bf5 23. Rd2 h6 24. h4 h5 25. Rb2 Ra5 26. Bb6 Rb5 27. Bc7 Rc8 28. Rc1 f6 29. Rd2 Kf7 30. Rd8 Rxd8 31. Bxd8 Bd7 32. Bc7 Bc6 33. Bd6 Ke6 34. Bc5 g6 35. Kd4 Ra5 36. Rc2 Rb5 37. Kc4 g5 38. Rd2 gxh4 39. gxh4 Kf5 40. Bxb4 Re5 41. e3 Bb5+ 42. Kc3 Kg4 43. Bd6 Re6 44. Bg3 Bd3 45. a4 Rc6+ 46. Kd4 Bc2 47. a5 Kf5 48. Re2 Bxb3 1/2-1/2

[Event "FTX Road to Miami Prelim"]
[Site "chess24.com INT"]
[Date "2022.07.10"]
[Round "4"]
[White "Niemann, Hans Moke"]
[Black "Tari, Aryan"]
[Result "1-0"]
[WhiteElo "2688"]
[BlackElo "2672"]
[PlyCount "133"]
[EventDate "2022.07.10"]
[EventType "tourn"]
[EventRounds "15"]
[EventCountry "USA"]
[EventCategory "19"]
[SourceTitle "CBM 209 Extra"]
[Source "ChessBase"]
[SourceDate "2022.09.30"]
[SourceVersion "1"]
[SourceVersionDate "2022.09.30"]
[SourceQuality "1"]

1. Nf3 d5 2. d4 Nf6 3. c4 e6 4. Nc3 c5 5. e3 Nc6 6. cxd5 exd5 7. Bb5 cxd4 8. Nxd4 Bd7 9. O-O Bd6 10. Nf3 Be6 11. b3 a6 12. Bd3 Ne5 13. Nxe5 Bxe5 14. Bb2 O-O $146 ({RR} 14... d4 15. exd4 Qxd4 16. Qf3 Rd8 17. Na4 Bxh2+ 18. Kxh2 Qxd3 19. Qxd3 Rxd3 20. Nc5 Rd5 21. Ba3 Rh5+ 22. Kg1 Bd5 23. Nd3 Kd7 24. Rfd1 Rc8 25. Bb2 Rf5 26. Nb4 Kd6 27. Bxf6 gxf6 28. Rd2 Rg8 29. f3 {Jumabayev,R (2590)-Oparin,G (2667) Sharjah UAE 2023 ½-½ (40)}) ({RR} 14... Rc8 15. Rc1 O-O 16. f4 Bc7 17. Ne2 Bb6 18. Bd4 Bxd4 19. Nxd4 Qa5 20. Qe2 Rfe8 21. h3 Bd7 22. Rxc8 Rxc8 23. Qb2 Qc5 24. a4 a5 25. Qd2 b6 26. Rb1 Qa3 27. Kh2 h6 28. Rb2 Qe7 29. Rc2 {Caruana,F (2764)-Nepomniachtchi,I (2795) Bucharest ROU 2023 1-0 (70)}) ({RR} 14... d4 15. exd4 Qxd4 16. Qf3 Rd8 17. Na4 Bxh2+ 18. Kxh2 Qxd3 19. Qxd3 Rxd3 20. Nc5 Rd5 21. Ba3 Rh5+ 22. Kg1 Bd5 23. Nd3 Kd7 24. Rfd1 Rc8 25. Bb2 Rf5 26. Nb4 Kd6 27. Bxf6 gxf6 28. Rd2 Rg8 29. f3 {Jumabayev,R (2590)-Oparin,G (2667) Sharjah UAE 2023 ½-½ (40)}) ({RR} 14... Rc8 15. Rc1 O-O 16. f4 Bc7 17. Ne2 Bb6 18. Bd4 Bxd4 19. Nxd4 Qa5 20. Qe2 Rfe8 21. h3 Bd7 22. Rxc8 Rxc8 23. Qb2 Qc5 24. a4 a5 25. Qd2 b6 26. Rb1 Qa3 27. Kh2 h6 28. Rb2 Qe7 29. Rc2 {Caruana,F (2764)-Nepomniachtchi,I (2795) Bucharest ROU 2023 1-0 (70)}) 15. h3 Rc8 16. Rc1 Qa5 17. Qe1 Rfd8 18. f4 Bd6 19. Ne4 Qxe1 20. Nxf6+ gxf6 21. Rfxe1 Bb4 22. Red1 Rxc1 23. Bxc1 Bc3 24. g4 b5 25. Kf2 b4 26. Be4 Rd7 27. Bf3 f5 28. Ke2 Kf8 29. gxf5 Bxf5 30. Bg4 Bxg4+ 31. hxg4 f6 32. e4 Re7 33. Rxd5 Rxe4+ 34. Be3 Re6 35. Kd3 Ke8 36. Rh5 Rd6+ 37. Ke4 Re6+ 38. Kf3 Re7 39. Rd5 Re6 40. Bc5 Re1 41. Rd6 a5 42. Ra6 f5 43. gxf5 h5 44. Rxa5 Rf1+ 45. Ke4 h4 46. Ra7 h3 47. Re7+ Kd8 48. Rh7 Rh1 49. Kd5 h2 50. Kc6 Bd4 51. Bxd4 Rc1+ 52. Kb5 h1=Q 53. Rxh1 Rxh1 54. Kxb4 Kd7 55. a4 Kc6 56. f6 Rh8 57. Kc4 Rc8 58. Bc5 Rc7 59. b4 Rh7 60. b5+ Kd7 61. Bd4 Rh4 62. Be5 Rh1 63. a5 Rc1+ 64. Bc3 Rf1 65. Be5 Rc1+ 66. Kd5 Kc8 67. f7 1-0

[Event "EU-ch 22nd"]
[Site "Terme Catez"]
[Date "2022.04.02"]
[Round "7"]
[White "Shevchenko, Kirill"]
[Black "Vocaturo, Daniele"]
[Result "1-0"]
[WhiteElo "2652"]
[BlackElo "2614"]
[PlyCount "143"]
[EventDate "2022.03.27"]
[EventType "swiss"]
[EventRounds "11"]
[EventCountry "SLO"]
[Tiebreak "Cut1 Buchholz"]
[SourceTitle "CBM 208"]
[Source "ChessBase"]
[SourceDate "2022.06.30"]
[SourceVersion "1"]
[SourceVersionDate "2022.06.30"]
[SourceQuality "1"]

1. d4 d5 2. c4 e6 3. Nc3 c5 4. cxd5 cxd4 5. Qa4+ Bd7 6. Qxd4 exd5 7. Qxd5 Nf6 8. Qd1 Bc5 9. Nf3 O-O 10. e3 Qe7 11. Be2 Rd8 12. O-O Nc6 13. a3 Bd6 $146 ({RR} 13... Rac8 14. Qc2 Bd6 15. h3 Ne5 16. Nd4 Bb8 17. Rd1 Qc5 18. Bd2 Qc7 19. Rac1 Re8 20. Qb3 Nc6 21. Nf3 Be6 22. Qa4 a6 23. Kf1 Qb6 24. b4 Ne5 25. Nxe5 Bxe5 26. Be1 Red8 27. Rxd8+ Qxd8 28. Rd1 {Flom,G (2451)-Narva,M (2355) Ledyard 2022 1-0 (55)}) ({RR} 13... Ne5 14. Nd4 Rac8 15. Bd2 Nc6 16. Nf3 Ne5 17. Qe1 Bc6 18. Nd4 Bxd4 19. exd4 Rxd4 20. Be3 Rh4 21. f3 Ng6 22. Qf2 Rh5 23. Rfe1 Qc7 24. f4 Rf5 25. g3 h5 26. Bd3 Ng4 27. Qd2 Rf6 28. Ne4 {Vidit,S (2737)-Narayanan,S (2677) Samarkand UZB 2023 ½-½ (70)}) ({RR} 13... Rac8 14. Bd2 Bd6 15. h3 Ne5 16. Nd4 Ng6 17. f4 Nxf4 18. Rxf4 Bxf4 19. exf4 Bxh3 20. Nf3 Be6 21. Qe1 Ng4 22. Ng5 Qc5+ 23. Kh1 Nf2+ 24. Kh2 Bf5 25. Bh5 Ng4+ 26. Kh1 Qd6 27. Nxf7 Qxd2 28. Nxd8 {Daulet,A (2067)-Suleimen,E (2330) Almaty KAZ 2025 ½-½ (53)}) ({RR} 13... Rac8 14. Qc2 Bd6 15. h3 Ne5 16. Nd4 Bb8 17. Rd1 Qc5 18. Bd2 Qc7 19. Rac1 Re8 20. Qb3 Nc6 21. Nf3 Be6 22. Qa4 a6 23. Kf1 Qb6 24. b4 Ne5 25. Nxe5 Bxe5 26. Be1 Red8 27. Rxd8+ Qxd8 28. Rd1 {Flom,G (2451)-Narva,M (2355) Ledyard 2022 1-0 (55)}) ({RR} 13... Ne5 14. Nd4 Rac8 15. Bd2 Nc6 16. Nf3 Ne5 17. Qe1 Bc6 18. Nd4 Bxd4 19. exd4 Rxd4 20. Be3 Rh4 21. f3 Ng6 22. Qf2 Rh5 23. Rfe1 Qc7 24. f4 Rf5 25. g3 h5 26. Bd3 Ng4 27. Qd2 Rf6 28. Ne4 {Vidit,S (2737)-Narayanan,S (2677) Samarkand UZB 2023 ½-½ (70)}) ({RR} 13... Rac8 14. Bd2 Bd6 15. h3 Ne5 16. Nd4 Ng6 17. f4 Nxf4 18. Rxf4 Bxf4 19. exf4 Bxh3 20. Nf3 Be6 21. Qe1 Ng4 22. Ng5 Qc5+ 23. Kh1 Nf2+ 24. Kh2 Bf5 25. Bh5 Ng4+ 26. Kh1 Qd6 27. Nxf7 Qxd2 28. Nxd8 {Daulet,A (2067)-Suleimen,E (2330) Almaty KAZ 2025 ½-½ (53)}) 14. Qc2 Ne5 15. Nd4 Rac8 16. Nf5 Bxf5 17. Qxf5 g6 18. Qh3 Nc4 19. Qh4 Qe6 20. Rd1 Na5 21. e4 Re8 22. Bg5 Be5 23. Bb5 Rf8 24. Nd5 Nxd5 25. exd5 Qb6 26. Qb4 Bd6 27. Be3 Bc5 28. Bxc5 Rxc5 29. Ba4 Qd6 30. Rac1 Rfc8 31. Rxc5 Rxc5 32. Qd2 Nc4 33. Qd4 Nb6 34. Bb3 Rc8 35. Re1 a5 36. h3 Nd7 37. Qd2 b6 38. Ba4 Nf6 39. Rd1 Rc4 40. Bb5 Re4 41. Bc6 h5 42. Qd3 Re5 43. Qd4 Re2 44. b4 Rc2 45. Qxb6 axb4 46. axb4 Nxd5 47. b5 Nxb6 48. Rxd6 Nc4 49. Rd4 Kf8 50. g3 Ke7 51. Rd7+ Ke6 52. Rd1 Nb6 53. Kg2 Rb2 54. Rd3 g5 55. Rd8 h4 56. gxh4 gxh4 57. Rd4 f5 58. Rxh4 Ke5 59. Rh8 Nc4 60. Kg3 Rb3+ 61. Kg2 Rb2 62. Rd8 Nd6 63. Kg3 Rb3+ 64. Kg2 f4 65. h4 Nf5 66. h5 Kf6 67. Rg8 Rb2 68. Kf3 Nd4+ 69. Kxf4 Nxb5 70. h6 Nd6 71. h7 Nf7 72. Kg3 1-0